Представление документа в формате RUSMARC

ПолеНазваниеЗначение
  Тип записи a
  Библиографический уровень a
001 Контрольный номер RU/CBS_UL/BASE/561038846
005 Дата корректировки 20250124000048.0
100 Данные общей обработки __
a Данные общей обработки 20171011d2017 ||| 0rusy0189 ca
101 Язык документа 0_
a Язык текста rus
102 Страна публикации __
a Страна публикации RU
105 Кодированные данные (монография) __
a Кодированные данные (монография) y###||||000|y
200 Заглавие и сведения об ответственности 1_
a Заглавие Четыре лайфхака для будущего пенсионера: Как увеличить будущую пенсию?
b Общее обозначение материала Текст
e Сведения, относящиеся к заглавию [об условиях увеличения пенсий]
300 Общие примечания __
a Общие примечания Ограничения по возрасту - 12+
461 Уровень набора _0
1 2000
a Комсомольская правда
463 Уровень физической единицы _0
1 001RU/CBS_UL/BASE/561037498
1 2000
a № 40-т (4-11 октября)
v С. 10 : фото
1 210
d 2017
606 Тематические рубрики 0_
a Основная рубрика Пенсии - Расчет - Российская Федерация
610 Ключевые слова 0_
a Ключевые слова пенсии
a Ключевые слова баллы пенсионные
a Ключевые слова расчёты пенсий
686 Индексы других классификаций __
a Классификационный индекс 65.272
2 Код системы ББК
801 Источник записи _0
a Страна RU
b Организация МБУК ЦБС г. Ульяновска
c Дата составления 20171011
g Правила каталогизации RCR
801 Источник записи _1
a Страна RU
b Организация МБУК ЦБС г. Ульяновска
c Дата составления 20171011
g Правила каталогизации RCR
901 Тип документа __
t Тип документа f
w Контрольный № источника RU/CBS_UL/BASE/561037498
910 Корректоры записи __
a Корректор записи Библиотека 1
938 Служебная информация __
a Имя БД period